logo

Bir Sreshtho Munshi Abdur Rouf Library
Jhenaidah Cadet College

মৃত্যুময় ও চিরহরিৎ / (Record no. 3554)

MARC details
000 -LEADER
fixed length control field 00722nam a2200229 a 4500
001 - CONTROL NUMBER
JCCL Control Number 3554
003 - CONTROL NUMBER IDENTIFIER
JCCL marc code BD-JhCC
005 - DATE AND TIME OF LATEST TRANSACTION
control field 20171125112721.0
008 - FIXED-LENGTH DATA ELEMENTS--GENERAL INFORMATION
fixed length control field 171002s1988 bg |||| ||a| 000 0 ben d
020 ## - INTERNATIONAL STANDARD BOOK NUMBER
International Standard Book Number 9847015600266
035 ## - SYSTEM CONTROL NUMBER
system control number (BD-JhCC) 3554
040 ## - CATALOGING SOURCE
Original cataloging agency BD-JhCC
Modifying agency BD-JhCC
041 ## - LANGUAGE CODE
Language code of Book ben
082 ## - DEWEY DECIMAL CLASSIFICATION NUMBER
Classification number 891.4415
Author mark and Year SAY 1988
100 ## - MAIN ENTRY--PERSONAL NAME
Personal name সায়ীদ, আবদুল্লাহ আবু
245 ## - TITLE STATEMENT
Title মৃত্যুময় ও চিরহরিৎ /
Statement of responsibility, etc আবদুল্লাহ আবু সায়ীদ
260 ## - PUBLICATION, DISTRIBUTION, ETC. (IMPRINT)
Place of publication, distribution, etc ঢাকা:
Name of publisher, distributor, etc মাওলা ব্রাদার্স,
Date of publication, distribution, etc ১৯৮৮
300 ## - PHYSICAL DESCRIPTION
Pagination 56 p.;
Dimensions 22 cm
650 ## - SUBJECT ADDED ENTRY--TOPICAL TERM
Topical term or geographic name as entry element Bengali poetry
942 ## - ADDED ENTRY ELEMENTS (KOHA)
Source of classification or shelving scheme Dewey Decimal Classification
Koha item type Books
Holdings
Source of classification or shelving scheme Damaged status Not for loan Home library Current library Shelving location Date of accession Cost, normal purchase price Total Checkouts Full call number Barcode Date last seen Copy number Koha item type
Dewey Decimal Classification     JCC Rouf Library JCC Rouf Library General Stacks 11/14/2017 100.00   891.4415 SAY 1988 5294 11/14/2017 C-1 Books
Dewey Decimal Classification     JCC Rouf Library JCC Rouf Library General Stacks 11/26/2017 100.00   891.4415 SAY 1988 5846 11/25/2017 C- 2 Books

JCC Library | Contacts | JCC Home

Last Update on 23 September 2017
Copyright @ 2017-2020 JCC Rouf Library
Rouf Library, Jhenidah Cadet College (JCC), Bangladesh